EDI - zkušenosti firmy Reebok
Firma Reebok je v súčasnej dobe najväčším britským výrobcom športových potrieb s odbytom presahujúcim 160 miliónov GBP ročne. Skúsenosti a schopnosti firmy Reebok pri uspokojovaní jednotlivých objednávok. Obchodný styk vykonáva prostredníctvom elektronickej verzie EDI (Electronic Data Interchange).
Enregistré dans:
| Format: | Chapitre de livre |
|---|---|
| Langue: | tchèque |
| Sujets: | |
| Tags: |
Pas de tags, Soyez le premier à ajouter un tag!
|
MARC
| LEADER | 00000naa a2200000 4500 | ||
|---|---|---|---|
| 001 | r028107 | ||
| 005 | 20230922084917.1 | ||
| 041 | 0 | |a cze | |
| 044 | |a CZ | ||
| 245 | 1 | 0 | |a EDI - zkušenosti firmy Reebok |
| 520 | |a Firma Reebok je v súčasnej dobe najväčším britským výrobcom športových potrieb s odbytom presahujúcim 160 miliónov GBP ročne. Skúsenosti a schopnosti firmy Reebok pri uspokojovaní jednotlivých objednávok. Obchodný styk vykonáva prostredníctvom elektronickej verzie EDI (Electronic Data Interchange). | ||
| 610 | 2 | 0 | |a Reebok |
| 610 | 2 | 0 | |a firmy |
| 610 | 2 | 0 | |a objednávky |
| 610 | 2 | 0 | |a dodávky |
| 610 | 2 | 0 | |a tovar |
| 610 | 2 | 0 | |a EDI |
| 610 | 2 | 0 | |a technika obchodná |
| 610 | 2 | 0 | |a technológie informačné |